000 00680nam a22002057a 4500
005 20240926113023.0
010 _aENG-108031 ENG-141308
020 _c850.00
_a9789350876626
035 _aEN-91564
035 _aEN-124840
037 _bDBAD/PUB
100 _a Khuntia, Ramachandra
_971995
245 0 0 _aThe voice of labour in Parliament/
_cedited by Rajendra Prasad Mohanty, Nirajan Pani [and] Rama Chandra Khuntia
260 _aOdisha
_bKIS Foundation
_c2012
270 _aD-82, Maitri Vihar, Chandrasekharpur, Bhubaneswar
_bOdisha
_e755001
300 _a491p.
_c20cm(Hb)
700 _a Pani, Nirajan
_971996
700 _a Khuntia, Rama Chandra
_971997
942 _2ddc
_cEN
_mLAB
999 _c77601
_d77601